Home Print Resources E-Books E-Journals IIMT Lecture Series Library Membership Form Book Recommendation Form Campus Tour Take AdmissionAbout Us Contact Us

Electronic Devices and Circuits (Record no. 4824)

000 -LEADER
fixed length control field 00370nam a2200157Ia 4500
003 - CONTROL NUMBER IDENTIFIER
control field OSt
005 - DATE AND TIME OF LATEST TRANSACTION
control field 20240219110659.0
008 - FIXED-LENGTH DATA ELEMENTS--GENERAL INFORMATION
fixed length control field 170524s9999 xx 000 0 und d
020 ## - INTERNATIONAL STANDARD BOOK NUMBER
International Standard Book Number 978-9339219543
040 ## - CATALOGING SOURCE
Transcribing agency IIMT UNIVERSITY MEERUT
100 ## - MAIN ENTRY--PERSONAL NAME
Personal name Millman J
245 #0 - TITLE STATEMENT
Title Electronic Devices and Circuits
260 ## - PUBLICATION, DISTRIBUTION, ETC.
Name of publisher, distributor, etc. TMH New Delhi
260 ## - PUBLICATION, DISTRIBUTION, ETC.
Date of publication, distribution, etc. 2008
942 ## - ADDED ENTRY ELEMENTS (KOHA)
Source of classification or shelving scheme
Koha item type Book Bank
Holdings
Withdrawn status Lost status Source of classification or shelving scheme Damaged status Not for loan Home library Current library Date acquired Full call number Barcode Date last seen Uniform Resource Identifier Price effective from Koha item type Public note
          IIMT University Central Library Meerut IIMT University Central Library Meerut 05/31/2017 R 01-B-41349 05/31/2017 Electrical Engineering 05/31/2017 Reference Book Engineering Departmental Library books
          IIMT University Central Library Meerut IIMT University Central Library Meerut 05/31/2017   01-B-41350 05/31/2017 Electrical Engineering 05/31/2017 Reference Book  
          IIMT University Central Library Meerut IIMT University Central Library Meerut 05/31/2017   01-B-41351 05/31/2017 Electrical Engineering 05/31/2017 Book Bank  
IIMT, Central Library. All Rights Reserved IIMT,UNIVERSITY © 2023
Implemented and Customised by I CLOUDE EMS
You Are OPAC Visitor No
free web counter

Powered by Koha